[Event "4NCL Division Two"]
[Site "Sunningdale"]
[Date "2009.10.24"]
[Round "1.44"]
[White "O'Shaughnessy, Conor"]
[Black "Gregory, Stephen J"]
[Result "1/2-1/2"]
[WhiteElo "2200"]
[BlackElo "2126"]
[PlyCount "94"]
[EventDate "2009.10.24"]
[EventType "team"]
[EventRounds "11"]
[EventCountry "ENG"]
[SourceDate "2009.10.24"]
[WhiteTeam "Kings Head"]
[BlackTeam "Anglian Avengers"]

1. e4 d6 2. d4 Nf6 3. Nc3 g6 4. Bg5 c6 5. h3 b5 6. Bd3 Bg7 7. Qd2 b4 8. Nce2
Qb6 9. Nf3 Ba6 10. O-O O-O 11. c4 bxc3 12. Nxc3 Bxd3 13. Qxd3 Rd8 14. Qc2 Nbd7
15. Rfd1 h6 16. Be3 Rab8 17. b3 Qa5 18. Rac1 Kh7 19. Bd2 Qa6 20. Bf4 Nh5 21.
Be3 e5 22. dxe5 dxe5 23. Na4 Nf4 24. Bxf4 exf4 25. Rxd7 Rxd7 26. Nc5 Qc8 27.
Nxd7 Qxd7 28. Qxc6 Rb7 29. e5 Qxc6 30. Rxc6 g5 31. Ra6 Bf8 32. e6 fxe6 33. Rxe6
Rc7 34. Re2 Rc1+ 35. Kh2 Bb4 36. g3 Kg6 37. Kg2 fxg3 38. fxg3 a5 39. Ne5+ Kf6
40. Nd3 Rc3 41. Nxb4 axb4 42. Re4 Rc2+ 43. Kf3 Rc3+ 44. Re3 Rc2 45. Kg4 Rxa2
46. Re4 Rg2 47. Rxb4 h5+ 1/2-1/2

[Event "4NCL Division Two"]
[Site "Sunningdale"]
[Date "2009.10.24"]
[Round "1.45"]
[White "Gray, Mark S"]
[Black "Thomas, Rik H"]
[Result "1-0"]
[WhiteElo "2089"]
[BlackElo "2220"]
[PlyCount "117"]
[EventDate "2009.10.24"]
[EventType "team"]
[EventRounds "11"]
[EventCountry "ENG"]
[SourceDate "2009.10.24"]
[WhiteTeam "Anglian Avengers"]
[BlackTeam "Kings Head"]

1. e4 e5 2. Nf3 d6 3. Bc4 Be7 4. d4 exd4 5. Nxd4 Nf6 6. Nc3 O-O 7. O-O a6 8. a4
c5 9. Nde2 Nc6 10. Nf4 Re8 11. f3 Rb8 12. Ncd5 b5 13. axb5 axb5 14. Nxf6+ Bxf6
15. Bxf7+ Kxf7 16. Qd5+ Kf8 17. Qxc6 Bd4+ 18. Kh1 Bb7 19. Qxb5 Bxe4 20. fxe4
Rxb5 21. Ne6+ Ke7 22. Nxd8 Rxd8 23. Bg5+ Bf6 24. Bxf6+ gxf6 25. b3 Rb4 26. Ra7+
Ke6 27. Re1 Rd7 28. Rxd7 Kxd7 29. Kg1 Ke6 30. Kf2 c4 31. Re3 Ke5 32. Kf3 cxb3
33. cxb3 Rd4 34. Re2 Rd3+ 35. Re3 Rd2 36. h3 h5 37. Rc3 Rb2 38. Rd3 h4 39. Rd5+
Ke6 40. Rd3 f5 41. exf5+ Kxf5 42. g4+ hxg3 43. Kxg3 Ke4 44. Rxd6 Rxb3+ 45. Kg4
Ke5 46. Ra6 Rb1 47. h4 Rg1+ 48. Kh5 Rh1 49. Kg5 Rg1+ 50. Kh6 Rb1 51. h5 Rb2 52.
Kg6 Rg2+ 53. Kh7 Kf5 54. h6 Rg1 55. Kh8 Rg2 56. h7 Rg1 57. Ra8 Kf6 58. Rf8+ Ke7
59. Rg8 1-0

[Event "4NCL Division Two"]
[Site "Sunningdale"]
[Date "2009.10.24"]
[Round "1.46"]
[White "Okike, David"]
[Black "Cook, Michael P"]
[Result "1-0"]
[WhiteElo "2188"]
[BlackElo "2073"]
[PlyCount "93"]
[EventDate "2009.10.24"]
[EventType "team"]
[EventRounds "11"]
[EventCountry "ENG"]
[SourceDate "2009.10.24"]
[WhiteTeam "Kings Head"]
[BlackTeam "Anglian Avengers"]

1. e4 e5 2. Nf3 Nc6 3. Bb5 Nf6 4. O-O Nxe4 5. Re1 Nd6 6. Nxe5 Be7 7. Nxc6 dxc6
8. Be2 O-O 9. Nc3 Bf5 10. d3 Bg5 11. a4 Re8 12. a5 Nb5 13. Nxb5 cxb5 14. Bf3
Rxe1+ 15. Qxe1 Bxc1 16. Qxc1 Rb8 17. Qe3 a6 18. Re1 Be6 19. Qa7 c6 20. b4 g6
21. h4 h5 22. Be4 Bd5 23. Bxd5 cxd5 24. Re5 Rc8 25. Qd4 Rxc2 26. Rxd5 Rc1+ 27.
Kh2 Qb8+ 28. f4 Rc8 29. Rd7 Re8 30. Kg3 Qc8 31. Qd5 Rf8 32. f5 Qe8 33. Kf2 gxf5
34. Qxf5 Qe6 35. Qg5+ Qg6 36. Rxb7 Qxg5 37. hxg5 Rd8 38. Ke3 Re8+ 39. Kf4 Rd8
40. Ke4 Re8+ 41. Kd4 Rd8+ 42. Kc3 Rd5 43. Rb6 Rxg5 44. Rxa6 Rxg2 45. Rh6 Rg5
46. a6 Rd5 47. Rb6 1-0

[Event "4NCL Division Two"]
[Site "Sunningdale"]
[Date "2009.10.24"]
[Round "1.48"]
[White "Haria, Ravi"]
[Black "Wallis, Ian J"]
[Result "0-1"]
[WhiteElo "1828"]
[BlackElo "1982"]
[PlyCount "84"]
[EventDate "2009.10.24"]
[EventType "team"]
[EventRounds "11"]
[EventCountry "ENG"]
[SourceDate "2009.10.24"]
[WhiteTeam "Kings Head"]
[BlackTeam "Anglian Avengers"]

1. e4 e5 2. Nf3 Nc6 3. d4 exd4 4. Nxd4 Bb4+ 5. c3 Be7 6. Be3 Nf6 7. Bd3 O-O 8.
O-O Ne5 9. f4 Nxd3 10. Qxd3 d5 11. e5 Ne4 12. Nd2 c5 13. N4f3 Bf5 14. Nxe4 Bxe4
15. Qe2 f5 16. Rad1 Qc7 17. Nd2 Bc2 18. Rc1 Ba4 19. Rf3 Be8 20. Rh3 Qc6 21. Kf2
Qe6 22. Rg1 g5 23. g4 fxg4 24. Qxg4 Qxg4 25. Rxg4 Bd7 26. Rhg3 Bxg4 27. Rxg4 h5
28. Rg2 Kh7 29. Kg3 gxf4+ 30. Bxf4 Rg8+ 31. Kf3 Raf8 32. Rxg8 Kxg8 33. Kg3 Kf7
34. Nf3 Ke6 35. Bh6 Rg8+ 36. Kf4 Rg6 37. Bg5 Bxg5+ 38. Nxg5+ Rxg5 39. Kxg5 Kxe5
40. Kxh5 d4 41. Kg4 Ke4 42. Kg3 Ke3 0-1

[Event "4NCL Division Two"]
[Site "Sunningdale"]
[Date "2009.10.24"]
[Round "1.51"]
[White "Goodger, Martyn"]
[Black "Buckley, David"]
[Result "0-1"]
[WhiteElo "2147"]
[BlackElo "2274"]
[PlyCount "64"]
[EventDate "2009.10.24"]
[EventType "team"]
[EventRounds "11"]
[EventCountry "ENG"]
[SourceDate "2009.10.24"]
[WhiteTeam "Poisoned Pawns II"]
[BlackTeam "Bristol"]

1. e4 Nf6 2. e5 Nd5 3. Nc3 Nxc3 4. bxc3 d5 5. d4 c5 6. Nf3 Nc6 7. Be2 Bg4 8.
O-O e6 9. h3 Bh5 10. g4 Bg6 11. Bd3 Qa5 12. Bd2 Bxd3 13. cxd3 cxd4 14. cxd4 Qa6
15. Qb3 Be7 16. Rab1 b6 17. Rfc1 Rc8 18. Rc2 O-O 19. Rbc1 b5 20. a3 Qb7 21. Bb4
Nxb4 22. axb4 Rxc2 23. Rxc2 Rc8 24. Ne1 Rxc2 25. Nxc2 Qc7 26. Kf1 a5 27. bxa5
Qxa5 28. Ke2 Qa4 29. Qb2 b4 30. Kd1 Kf8 31. Kc1 b3 32. Qa1 Qc6 0-1

[Event "4NCL Division Two"]
[Site "Sunningdale"]
[Date "2009.10.24"]
[Round "1.52"]
[White "Beaumont, Chris"]
[Black "Rosen, Daniel B"]
[Result "1-0"]
[WhiteElo "2306"]
[BlackElo "2137"]
[PlyCount "129"]
[EventDate "2009.10.24"]
[EventType "team"]
[EventRounds "11"]
[EventCountry "ENG"]
[SourceDate "2009.10.24"]
[WhiteTeam "Bristol"]
[BlackTeam "Poisoned Pawns II"]

1. d4 f5 2. Nf3 Nf6 3. c4 e6 4. g3 Be7 5. Bg2 O-O 6. O-O d5 7. Qc2 c6 8. Nbd2
Bd7 9. Ne5 Na6 10. Ndf3 Rc8 11. a3 Be8 12. b4 Nc7 13. Nd3 Ne4 14. Nfe5 dxc4 15.
Qxc4 Nd6 16. Qb3 Bf6 17. a4 Qe7 18. e3 Bf7 19. Ba3 Rfd8 20. b5 Nd5 21. bxc6
bxc6 22. Rfc1 Qe8 23. Qc2 Ne4 24. Nxf7 Qxf7 25. Bxe4 fxe4 26. Nc5 e5 27. Qxe4
exd4 28. exd4 Re8 29. Qd3 Qh5 30. Ne4 Qg4 31. f3 Qg6 32. Nxf6+ Qxf6 33. Re1 Re6
34. Rxe6 Qxe6 35. Qe4 Re8 36. Qxe6+ Rxe6 37. Kf2 Kf7 38. Re1 Rxe1 39. Kxe1 Nc3
40. a5 a6 41. Bc5 Nd5 42. Ke2 Ke6 43. Kd3 g6 44. g4 Nf6 45. Kc4 Nd7 46. Ba3 h5
47. h3 hxg4 48. fxg4 Kf6 49. Bc1 Ke6 50. Ba3 Kf6 51. d5 Ne5+ 52. Kc5 cxd5 53.
Kxd5 Nf3 54. Kc6 Ke6 55. Kb6 Kd5 56. Kxa6 Kc6 57. Bb2 Ng5 58. h4 Ne6 59. h5
gxh5 60. gxh5 Ng5 61. Bf6 Nf7 62. Bg7 Ng5 63. Bf8 Nh7 64. Be7 Kd7 65. Kb7 1-0

[Event "4NCL Division Two"]
[Site "Sunningdale"]
[Date "2009.10.24"]
[Round "1.53"]
[White "Winfridsson, Ola"]
[Black "Rudd, Jack"]
[Result "1-0"]
[WhiteElo "2133"]
[BlackElo "2296"]
[PlyCount "69"]
[EventDate "2009.10.24"]
[EventType "team"]
[EventRounds "11"]
[EventCountry "ENG"]
[SourceDate "2009.10.24"]
[WhiteTeam "Poisoned Pawns II"]
[BlackTeam "Bristol"]

1. g3 e5 2. Bg2 d5 3. c4 d4 4. d3 Nc6 5. Nf3 Bf5 6. Nbd2 f6 7. Qb3 Rb8 8. Nh4
Be6 9. Qa4 Nge7 10. b4 Nc8 11. c5 Kf7 12. Ne4 Be7 13. b5 f5 14. Nxf5 Bxf5 15.
bxc6 b6 16. h4 bxc5 17. Nxc5 Qd6 18. Qc4+ Ke8 19. Nb7 Qg6 20. Qd5 Bd6 21. O-O
Nb6 22. Nxd6+ cxd6 23. c7 Rc8 24. Qb7 Be6 25. Ba3 Ke7 26. Rac1 Bd7 27. Qxa7 Na4
28. Bb4 Rhf8 29. Kh2 Qh5 30. Kg1 g5 31. hxg5 Qxg5 32. e3 Nb2 33. Qa3 dxe3 34.
Bxd6+ Ke8 35. Bxf8 1-0

[Event "4NCL Division Two"]
[Site "Sunningdale"]
[Date "2009.10.24"]
[Round "1.54"]
[White "Franklin, Michael J"]
[Black "Kemp, Paul R"]
[Result "1/2-1/2"]
[WhiteElo "2203"]
[BlackElo "2109"]
[PlyCount "106"]
[EventDate "2009.10.24"]
[EventType "team"]
[EventRounds "11"]
[EventCountry "ENG"]
[SourceDate "2009.10.24"]
[WhiteTeam "Bristol"]
[BlackTeam "Poisoned Pawns II"]

1. d4 d5 2. Nf3 Nf6 3. e3 Bf5 4. Bd3 Bg6 5. O-O e6 6. c4 c6 7. Nc3 Nbd7 8. Re1
Bb4 9. a3 Bxc3 10. bxc3 dxc4 11. Bxc4 O-O 12. Bd3 Qa5 13. Bxg6 hxg6 14. Qc2 e5
15. Bb2 Rfe8 16. Nd2 c5 17. Rec1 Rac8 18. Qd1 Qb5 19. a4 Qd3 20. Ra3 c4 21. a5
Nd5 22. Nf3 Qxd1+ 23. Rxd1 e4 24. Nd2 b5 25. axb6 axb6 26. Ra7 N7f6 27. Rb7 Re6
28. Ra1 Ne8 29. Nb1 Nd6 30. Rd7 Nf6 31. Rda7 Nb5 32. Ra8 Ree8 33. Rxc8 Rxc8 34.
Kf1 Nd5 35. Ke2 f5 36. g3 g5 37. Ra4 Kf7 38. Kf1 g6 39. Nd2 Nbxc3 40. Rxc4 Rxc4
41. Nxc4 b5 42. Ne5+ Kf6 43. Bxc3 Nxc3 44. Ke1 f4 45. Kd2 Nd5 46. g4 fxe3+ 47.
fxe3 Kg7 48. Nc6 Kf7 49. h3 Ke6 50. Ne5 Kf6 51. Nd7+ Ke7 52. Nc5 Nf6 53. Na6
Nd5 1/2-1/2

[Event "4NCL Division Two"]
[Site "Sunningdale"]
[Date "2009.10.24"]
[Round "1.57"]
[White "McMahon, Paul"]
[Black "Dilleigh, Steve"]
[Result "1/2-1/2"]
[WhiteElo "2043"]
[BlackElo "2120"]
[PlyCount "53"]
[EventDate "2009.10.24"]
[EventType "team"]
[EventRounds "11"]
[EventCountry "ENG"]
[SourceDate "2009.10.24"]
[WhiteTeam "Poisoned Pawns II"]
[BlackTeam "Bristol"]

1. Nc3 g6 2. Nf3 Bg7 3. d4 d6 4. e4 Nf6 5. Bc4 O-O 6. Bg5 Nc6 7. Qe2 Bg4 8.
O-O-O Nd7 9. Be3 e5 10. d5 Nd4 11. Bxd4 exd4 12. Nb5 c5 13. dxc6 bxc6 14. Nbxd4
Qb6 15. c3 Rab8 16. h3 Bxf3 17. gxf3 Ne5 18. b3 Qa5 19. Kb2 d5 20. exd5 cxd5
21. Bd3 Rfc8 22. Rc1 Nc4+ 23. Bxc4 dxc4 24. Rhd1 cxb3 25. axb3 Qd5 26. Qe4 Qc5
27. Rc2 1/2-1/2

[Event "4NCL Division Two"]
[Site "Sunningdale"]
[Date "2009.10.24"]
[Round "1.61"]
[White "Gormally, Daniel"]
[Black "Sugden, John N"]
[Result "1/2-1/2"]
[WhiteElo "2479"]
[BlackElo "2235"]
[PlyCount "60"]
[EventDate "2009.10.24"]
[EventType "team"]
[EventRounds "11"]
[EventCountry "ENG"]
[SourceDate "2009.10.24"]
[WhiteTeam "Cheddleton"]
[BlackTeam "e2e4.org.uk"]

1. d4 c5 2. dxc5 e6 3. Nc3 Bxc5 4. Ne4 d6 5. Nxc5 dxc5 6. Qxd8+ Kxd8 7. Bf4 b6
8. O-O-O+ Ke7 9. e4 f6 10. Bd6+ Kf7 11. f4 Ba6 12. Bxa6 Nxa6 13. Nf3 Ne7 14. g4
Rad8 15. f5 Nc8 16. fxe6+ Kxe6 17. Bg3 Nb4 18. c3 Nc6 19. Rde1 Ne5 20. Bxe5
fxe5 21. Rd1 Rd6 22. c4 Rf8 23. Rdf1 Rf4 24. Ng5+ Ke7 25. Rxf4 exf4 26. Nf3 Rd3
27. Rf1 Nd6 28. Ne5 Re3 29. Rxf4 Rxe4 30. Rxe4 Nxe4 1/2-1/2

[Event "4NCL Division Two"]
[Site "Sunningdale"]
[Date "2009.10.24"]
[Round "1.63"]
[White "Eggleston, David"]
[Black "Jackson, James"]
[Result "1/2-1/2"]
[WhiteElo "2368"]
[BlackElo "2067"]
[PlyCount "142"]
[EventDate "2009.10.24"]
[EventType "team"]
[EventRounds "11"]
[EventCountry "ENG"]
[SourceDate "2009.10.24"]
[WhiteTeam "Cheddleton"]
[BlackTeam "e2e4.org.uk"]

1. e4 c5 2. Nf3 Nc6 3. Bb5 Na5 4. O-O a6 5. Be2 e6 6. d4 cxd4 7. Nxd4 Qc7 8. f4
b5 9. Be3 Bb7 10. Nd2 Nf6 11. a4 b4 12. Bd3 Bc5 13. Kh1 d5 14. e5 Ne4 15. f5
Qxe5 16. fxe6 O-O 17. exf7+ Rxf7 18. Rxf7 Kxf7 19. N2f3 Qf6 20. Bxe4 dxe4 21.
Ng5+ Kg8 22. Qg4 Nc4 23. Nxe4 Qe5 24. Nf3 Nxe3 25. Nxe5 Nxg4 26. Nxc5 Nxe5 27.
Nxb7 Rc8 28. c3 bxc3 29. bxc3 Rxc3 30. h3 Kf7 31. Rb1 Ke7 32. Rb6 Rc6 33. Rb3
Nc4 34. Rg3 g6 35. Rg5 Kd7 36. Nc5+ Kc7 37. Rd5 Nb6 38. Nxa6+ Kb7 39. Nc5+ Kc7
40. Na6+ Kb7 41. Nc5+ Kc7 42. Rg5 h6 43. Na6+ Kb7 44. Nc5+ Kc7 45. Re5 Kd6 46.
Nd3 Nxa4 47. Re1 Rb6 48. Ne5 Kd5 49. Ng4 h5 50. Ne3+ Kd4 51. Nf1 Nc3 52. Nd2
Kd3 53. Nf3 Rf6 54. Re5 Ne4 55. Re7 g5 56. Kg1 Rf5 57. Rd7+ Ke3 58. Rd1 g4 59.
Nd4 Rc5 60. Ne6 Re5 61. Nd4 Nd2 62. hxg4 hxg4 63. Nc2+ Kd3 64. Ne1+ Ke2 65. Rc1
g3 66. Nf3 Nxf3+ 67. gxf3 Kxf3 68. Rc3+ Kg4 69. Rc8 Rh5 70. Rc4+ Kh3 71. Rc8
Rh4 1/2-1/2

[Event "4NCL Division Two"]
[Site "Sunningdale"]
[Date "2009.10.24"]
[Round "1.64"]
[White "Mansson, James"]
[Black "Wallace, Paul A"]
[Result "0-1"]
[WhiteElo "2142"]
[BlackElo "2238"]
[PlyCount "52"]
[EventDate "2009.10.24"]
[EventType "team"]
[EventRounds "11"]
[EventCountry "ENG"]
[SourceDate "2009.10.24"]
[WhiteTeam "e2e4.org.uk"]
[BlackTeam "Cheddleton"]

1. Nf3 Nf6 2. c4 g6 3. Nc3 Bg7 4. e4 d6 5. d4 O-O 6. Be2 Nbd7 7. Be3 e5 8. d5
h6 9. Nd2 c6 10. g4 Nh7 11. h4 a6 12. Nf1 cxd5 13. cxd5 b5 14. Qd2 Ndf6 15. f3
h5 16. Ng3 hxg4 17. h5 gxf3 18. Bxf3 Ng4 19. Bxg4 Bxg4 20. hxg6 fxg6 21. Qh2
Nf6 22. Bg5 Qd7 23. Qh4 Rac8 24. O-O Nh5 25. Nxh5 Bxh5 26. Kh1 b4 0-1

[Event "4NCL Division Two"]
[Site "Sunningdale"]
[Date "2009.10.24"]
[Round "1.65"]
[White "Jackson, Sheila"]
[Black "Kennedy, Craig"]
[Result "1-0"]
[WhiteElo "2160"]
[BlackElo "2036"]
[PlyCount "37"]
[EventDate "2009.10.24"]
[EventType "team"]
[EventRounds "11"]
[EventCountry "ENG"]
[SourceDate "2009.10.24"]
[WhiteTeam "Cheddleton"]
[BlackTeam "e2e4.org.uk"]

1. e4 d6 2. d4 Nf6 3. Nc3 e5 4. dxe5 dxe5 5. Qxd8+ Kxd8 6. Bc4 Ke8 7. Nf3 Bd6
8. Bg5 Nbd7 9. O-O-O a6 10. Rhe1 h6 11. Bh4 g5 12. Bg3 Nh5 13. Nd5 Nf4 14. Bxf4
gxf4 15. Nh4 Bc5 16. Nxc7+ Kf8 17. Nxa8 Bxf2 18. Nf5 Bxe1 19. Nb6 1-0

[Event "4NCL Division Two"]
[Site "Sunningdale"]
[Date "2009.10.24"]
[Round "1.66"]
[White "Norinkeviciute, Rasa"]
[Black "McKenna, Jason"]
[Result "1/2-1/2"]
[WhiteElo "2027"]
[BlackElo "2155"]
[PlyCount "48"]
[EventDate "2009.10.24"]
[EventType "team"]
[EventRounds "11"]
[EventCountry "ENG"]
[SourceDate "2009.10.24"]
[WhiteTeam "e2e4.org.uk"]
[BlackTeam "Cheddleton"]

1. c4 g6 2. g3 Bg7 3. Bg2 d6 4. Nc3 Nf6 5. e4 O-O 6. Nge2 Nc6 7. O-O e5 8. d3
Be6 9. h3 Qd7 10. Kh2 Nh5 11. f4 exf4 12. Nxf4 Nxf4 13. Bxf4 Nd4 14. Qd2 Rae8
15. Rae1 c6 16. b3 h5 17. Bg5 Be5 18. h4 Bg4 19. Nd1 f5 20. exf5 Nxf5 21. Bf4
Bxf4 22. Rxf4 Rxe1 23. Qxe1 Re8 24. Re4 Rxe4 1/2-1/2

[Event "4NCL Division Two"]
[Site "Sunningdale"]
[Date "2009.10.24"]
[Round "1.67"]
[White "Gregory, Philip J"]
[Black "Ireland, David J"]
[Result "1/2-1/2"]
[WhiteElo "2110"]
[BlackElo "2010"]
[PlyCount "89"]
[EventDate "2009.10.24"]
[EventType "team"]
[EventRounds "11"]
[EventCountry "ENG"]
[SourceDate "2009.10.24"]
[WhiteTeam "Cheddleton"]
[BlackTeam "e2e4.org.uk"]

1. e4 c5 2. c3 d5 3. exd5 Qxd5 4. d4 cxd4 5. cxd4 Nc6 6. Nf3 e5 7. Nc3 Bb4 8.
Bd2 Bxc3 9. Bxc3 e4 10. Ne5 Nxe5 11. dxe5 Ne7 12. Qa4+ Bd7 13. Qa3 Qe6 14. Qb4
Bc6 15. Bc4 a5 16. Qb3 Bd5 17. Bxd5 Qxd5 18. O-O O-O 19. Rfd1 Qxb3 20. axb3
Rfd8 21. Re1 Nd5 22. Rxa5 Nxc3 23. Rxa8 Rxa8 24. bxc3 Ra3 25. Kf1 Rxb3 26. c4
Kf8 27. Rxe4 Ke7 28. f4 g6 29. Kf2 h5 30. g3 Rb2+ 31. Re2 Rb4 32. Rc2 Rb3 33.
h3 f6 34. exf6+ Kxf6 35. Kg2 Kf5 36. c5 Rd3 37. Rb2 Rd5 38. Rc2 Rd3 39. c6 bxc6
40. Rxc6 Rd2+ 41. Kf3 Rd3+ 42. Kf2 Ra3 43. Rc5+ Kf6 44. Re5 h4 45. Re3 1/2-1/2

[Event "4NCL Division Two"]
[Site "Sunningdale"]
[Date "2009.10.24"]
[Round "1.68"]
[White "Jaszkinskyj, Peter"]
[Black "Bennett, Patrick J"]
[Result "0-1"]
[WhiteElo "1941"]
[BlackElo "2087"]
[PlyCount "100"]
[EventDate "2009.10.24"]
[EventType "team"]
[EventRounds "11"]
[EventCountry "ENG"]
[SourceDate "2009.10.24"]
[WhiteTeam "e2e4.org.uk"]
[BlackTeam "Cheddleton"]

1. d4 g6 2. c4 Nf6 3. Nc3 Bg7 4. Nf3 d6 5. Bf4 O-O 6. e3 Nbd7 7. Be2 c6 8. h3
Re8 9. O-O Qb6 10. a3 Nf8 11. b4 Be6 12. Rc1 h6 13. Qd2 g5 14. Bh2 Ng6 15. Bd3
g4 16. hxg4 Bxg4 17. Qc2 Bh5 18. Bg3 e5 19. c5 Qd8 20. cxd6 Ng4 21. Ne4 exd4
22. exd4 f5 23. Nc5 b6 24. Nb7 Qf6 25. d7 Rf8 26. d8=Q Raxd8 27. Nxd8 f4 28.
Bxg6 fxg3 29. Qc4+ Kh8 30. Nf7+ Rxf7 31. Qxf7 gxf2+ 32. Kh1 Qxg6 33. Qxg6 Bxg6
34. Ne5 Bxe5 35. dxe5 Bd3 36. e6 Bxf1 37. Rxf1 Kg7 38. g3 Kf6 39. Rc1 Kxe6 40.
Kg2 Kd5 41. Rd1+ Ke4 42. Rd7 c5 43. Rg7 h5 44. bxc5 bxc5 45. Rxa7 c4 46. Rc7
Kd3 47. a4 Ke2 48. Rf7 Ne3+ 49. Kh3 f1=Q+ 50. Rxf1 Kxf1 0-1

[Event "4NCL Division Two"]
[Site "Sunningdale"]
[Date "2009.10.24"]
[Round "1.71"]
[White "Hetey, Laszlo"]
[Black "Thomas, Nicholas"]
[Result "1/2-1/2"]
[WhiteElo "2347"]
[BlackElo "2291"]
[PlyCount "115"]
[EventDate "2009.10.24"]
[EventType "team"]
[EventRounds "11"]
[EventCountry "ENG"]
[SourceDate "2009.10.24"]
[WhiteTeam "Celtic Tigers"]
[BlackTeam "Warwickshire Select"]

1. d4 e6 2. c4 Nf6 3. Nf3 Bb4+ 4. Bd2 Qe7 5. g3 Nc6 6. a3 Bxd2+ 7. Qxd2 d6 8.
Bg2 a5 9. O-O O-O 10. Nc3 e5 11. e3 Bd7 12. Nd5 Nxd5 13. cxd5 Nb8 14. dxe5 dxe5
15. Qc3 e4 16. Nd2 Bf5 17. Rac1 c6 18. d6 Qxd6 19. Nxe4 Bxe4 20. Bxe4 Qe7 21.
Bb1 Nd7 22. Rfd1 Nf6 23. Rd4 Rfd8 24. Rcd1 g6 25. Qd2 Re8 26. Qd3 Kg7 27. Ba2
Qe5 28. Qb3 Re7 29. R4d3 Rae8 30. Qc3 Qxc3 31. Rxc3 Rd7 32. Rxd7 Nxd7 33. Kf1
Kf6 34. Ke2 Re5 35. Rd3 Ke7 36. Rd2 f6 37. h4 Rc5 38. Kd1 Ne5 39. Rd4 b5 40. f4
Ng4 41. Kd2 a4 42. Bg8 h5 43. e4 Nh2 44. Rd3 g5 45. Bh7 g4 46. Bf5 Rc4 47. Bg6
Rc5 48. Bf5 Rc4 49. Bg6 Rc5 50. b3 axb3 51. Rxb3 Rc4 52. Rd3 Rc5 53. Ke3 Rc2
54. Rd1 Rc3+ 55. Kf2 Rc2+ 56. Ke3 Rc3+ 57. Kf2 Rc2+ 58. Ke3 1/2-1/2

[Event "4NCL Division Two"]
[Site "Sunningdale"]
[Date "2009.10.24"]
[Round "1.72"]
[White "James, Russell A"]
[Black "Hoffman, Hendrik"]
[Result "0-1"]
[WhiteElo "2226"]
[BlackElo "2252"]
[PlyCount "50"]
[EventDate "2009.10.24"]
[EventType "team"]
[EventRounds "11"]
[EventCountry "ENG"]
[SourceDate "2009.10.24"]
[WhiteTeam "Warwickshire Select"]
[BlackTeam "Celtic Tigers"]

1. e4 c5 2. c3 Nf6 3. e5 Nd5 4. d4 cxd4 5. Nf3 Nc6 6. cxd4 d6 7. Bc4 Nb6 8. Bb3
dxe5 9. d5 Na5 10. Nc3 Nxb3 11. Qxb3 e6 12. Nxe5 exd5 13. Be3 Be6 14. Bxb6 Qxb6
15. Qa4+ Kd8 16. O-O-O Qb4 17. Rxd5+ Kc7 18. Qc2 Rc8 19. Kb1 Kb8 20. Rd2 Be7
21. Nd3 Qa5 22. Qa4 Qxa4 23. Nxa4 Rhd8 24. Rhd1 Bf5 25. Nc3 Bg5 0-1

[Event "4NCL Division Two"]
[Site "Sunningdale"]
[Date "2009.10.24"]
[Round "1.73"]
[White "Maciol, Rycho"]
[Black "Mason, Donald"]
[Result "1/2-1/2"]
[WhiteElo "2245"]
[BlackElo "2255"]
[PlyCount "83"]
[EventDate "2009.10.24"]
[EventType "team"]
[EventRounds "11"]
[EventCountry "ENG"]
[SourceDate "2009.10.24"]
[WhiteTeam "Celtic Tigers"]
[BlackTeam "Warwickshire Select"]

1. d4 Nf6 2. c4 e6 3. Nc3 Bb4 4. e3 b6 5. Nge2 c5 6. a3 Ba5 7. Rb1 Na6 8. Bd2
O-O 9. d5 exd5 10. cxd5 d6 11. Nf4 Bxc3 12. Bxc3 Nc7 13. Bd3 Bb7 14. e4 Re8 15.
Bxf6 Qxf6 16. Nh5 Qe5 17. O-O g6 18. Ng3 f5 19. exf5 Nxd5 20. Qb3 Kg7 21. Be4
gxf5 22. Nxf5+ Kh8 23. Ng3 Rab8 24. h3 Nf4 25. Bxb7 Rxb7 26. Rbe1 Qxe1 27. Rxe1
Rxe1+ 28. Kh2 Re5 29. Qf3 Rf7 30. Ne4 d5 31. Nd6 Rf6 32. g3 Nh5 33. Qg4 Rxf2+
34. Kg1 Rf8 35. Qd7 Re1+ 36. Kg2 Re2+ 37. Kg1 Re1+ 38. Kg2 Nf6 39. Qxa7 Ne4 40.
Nf7+ Kg8 41. Nh6+ Kh8 42. Nf7+ 1/2-1/2

[Event "4NCL Division Two"]
[Site "Sunningdale"]
[Date "2009.10.24"]
[Round "1.74"]
[White "Pitcher, John"]
[Black "Kemp, Peter"]
[Result "1-0"]
[WhiteElo "2193"]
[BlackElo "2164"]
[PlyCount "97"]
[EventDate "2009.10.24"]
[EventType "team"]
[EventRounds "11"]
[EventCountry "ENG"]
[SourceDate "2009.10.24"]
[WhiteTeam "Warwickshire Select"]
[BlackTeam "Celtic Tigers"]

1. e4 e5 2. Bc4 Nf6 3. d3 Bc5 4. Nc3 c6 5. Nf3 d6 6. O-O O-O 7. Bb3 Be6 8. Re1
Nbd7 9. h3 Re8 10. Bxe6 fxe6 11. a3 a5 12. Ne2 Rf8 13. Ng3 Qe8 14. c3 Qg6 15.
d4 exd4 16. cxd4 Bb6 17. Be3 d5 18. e5 Ne8 19. Rc1 Bd8 20. a4 Rb8 21. Rf1 Nc7
22. Bd2 Na6 23. Qe2 h6 24. Kh2 Rc8 25. Ne1 Bb6 26. Nc2 c5 27. Qb5 Qe8 28. dxc5
Rxc5 29. Qb3 Rc4 30. Be3 Bxe3 31. Qxe3 Qg6 32. Nd4 Rfc8 33. Rxc4 Rxc4 34. b3
Rc8 35. f4 Ndc5 36. f5 exf5 37. Ngxf5 Re8 38. Rf4 h5 39. g4 Qg5 40. h4 Qg6 41.
Qf3 Rxe5 42. gxh5 Qf6 43. h6 g6 44. Ne3 Qd6 45. Rf8+ Qxf8 46. h7+ Kxh7 47. Qxf8
Rxe3 48. Qf7+ Kh8 49. h5 1-0

[Event "4NCL Division Two"]
[Site "Sunningdale"]
[Date "2009.10.24"]
[Round "1.75"]
[White "Pedersen, Carsten"]
[Black "Hynes, Anthony"]
[Result "1/2-1/2"]
[WhiteElo "2155"]
[BlackElo "2223"]
[PlyCount "62"]
[EventDate "2009.10.24"]
[EventType "team"]
[EventRounds "11"]
[EventCountry "ENG"]
[SourceDate "2009.10.24"]
[WhiteTeam "Celtic Tigers"]
[BlackTeam "Warwickshire Select"]

1. e4 e5 2. Nf3 Nc6 3. Bc4 Nf6 4. d4 exd4 5. O-O Nxe4 6. Re1 d5 7. Bxd5 Qxd5 8.
Nc3 Qa5 9. Nxe4 Be6 10. Neg5 O-O-O 11. Nxe6 fxe6 12. Rxe6 h6 13. Qe2 Bd6 14. a3
Rhf8 15. Bd2 Qh5 16. h3 Qf5 17. Qe4 Qb5 18. b3 Qf5 19. a4 d3 20. cxd3 Bc5 21.
Rc1 Nd4 22. Qxf5 Rxf5 23. Nxd4 Bxd4 24. Be3 Bf6 25. d4 Bxd4 26. Re7 c6 27. Bxd4
Rxd4 28. Rxg7 Re5 29. Kf1 Rd3 30. Rg3 Rxg3 31. fxg3 Re3 1/2-1/2

[Event "4NCL Division Two"]
[Site "Sunningdale"]
[Date "2009.10.24"]
[Round "1.76"]
[White "Fishburne, Stewart K"]
[Black "Josse, Mark"]
[Result "1-0"]
[WhiteElo "2106"]
[BlackElo "2064"]
[PlyCount "75"]
[EventDate "2009.10.24"]
[EventType "team"]
[EventRounds "11"]
[EventCountry "ENG"]
[SourceDate "2009.10.24"]
[WhiteTeam "Warwickshire Select"]
[BlackTeam "Celtic Tigers"]

1. e4 c5 2. Nc3 Nc6 3. g3 g6 4. Bg2 Bg7 5. d3 d6 6. Be3 e5 7. Qd2 Nge7 8. Bh6
O-O 9. Bxg7 Kxg7 10. Nge2 Nd4 11. O-O Be6 12. f4 f6 13. Rf2 Qd7 14. Raf1 Rad8
15. Nd1 Bg4 16. Nec3 exf4 17. Rxf4 Bxd1 18. Nxd1 Qa4 19. Ne3 Qxa2 20. c3 Ndc6
21. Qf2 Ng8 22. Nd5 Ne5 23. Rd1 Qb3 24. Qd2 c4 25. Bf1 cxd3 26. Bxd3 Rd7 27.
Ra1 Nxd3 28. Qxd3 Qxb2 29. Rff1 f5 30. Rfb1 Qxb1+ 31. Rxb1 fxe4 32. Qd4+ Nf6
33. Nxf6 Rxf6 34. Rf1 Rdf7 35. Rxf6 Rxf6 36. Qxe4 b6 37. Qe7+ Rf7 38. Qxd6 1-0